000 00271 a2200145 4500
001 175700
020 _a
040 _cMagnum
100 _a4 Serie
240 1 0 _aAlbatroz
_lpor
245 1 0 _aAlbatroz
362 0 _a1899
697 _aMAGNITO: IJ/POESIA
942 _cBK
999 _c175700
_d175700